People who went to the DIDDY PARTY! (OH NO) - Statistics

General Stats
  • This quiz has been taken 983 times
  • The average score is 3 of 6
Answer Stats
Hint Answer % Correct
The party host! P Diddy
77%
This rapper is known for touching kids at the playground! Drake
70%
Mr Beast friend who likes kids Chris Tyson
67%
Evil streamer who talks to MINORS Dr. Disrespect
55%
NBA player who loves minors Josh Giddey
40%
Fat dude who "wants a cupcake" edp455
15%
No matching quizzes found
Score Distribution
Percent of People with Each Score
Percentile by Number Answered
Your Score History
You have not taken this quiz